Name the 14 OPEC countries - Statistics

General Stats
  • This quiz has been taken 25 times
  • The average score is 9 of 14
Answer Stats
Hint Answer % Correct
I Iran
95%
K Kuwait
95%
S Saudi Arabia
95%
V Venezuela
95%
Iraq
86%
U United Arab Emirates
82%
N Nigeria
77%
L Libya
59%
Algeria
55%
A Angola
36%
G Gabon
36%
C Congo
32%
E Ecuador
32%
Equatorial Guinea
32%
No matching quizzes found
Score Distribution
Percent of People with Each Score
Percentile by Number Answered
Your Score History
You have not taken this quiz